Curso Taller de verano para estudiantes que ingresan al nivel medio, Dominio de Técnicas, Destrezas y Procesos Básicos (Record no. 8540)
[ view plain ]
| 000 -LEADER | |
|---|---|
| campo de control de longitud fija | 00504nam a2200145Ia 4500 |
| 001 - NÚMERO DE CONTROL | |
| campo de control | 832 |
| 008 - DATOS DE LONGITUD FIJA--INFORMACIÓN GENERAL | |
| campo de control de longitud fija | 241024s9999 xx 000 0 und d |
| 082 ## - NÚMERO DE LA CLASIFICACIÓN DECIMAL DEWEY | |
| Número de clasificación | RD/373.97293/R426cur |
| 100 ## - ENTRADA PRINCIPAL--NOMBRE DE PERSONA | |
| Nombre de persona | República Dominicana.Secretaría de Estado de Educación |
| 245 #0 - MENCIÓN DEL TÍTULO | |
| Título | Curso Taller de verano para estudiantes que ingresan al nivel medio, Dominio de Técnicas, Destrezas y Procesos Básicos |
| 260 ## - PUBLICACIÓN, DISTRIBUCIÓN, ETC. | |
| Nombre del editor, distribuidor, etc. | Dirección General de Currículo |
| Fecha de publicación, distribución, etc. | 2003 |
| 590 ## - NOTA LOCAL (RLIN) | |
| Nota local | si |
| 901 ## - ELEMENTOS DE DATOS A LOCAL LDA (RLIN) | |
| a | 3/12/2010 3:19:17 p.m. |
No items available.